CIATF 89 : 56. Giesserei-Weltkongress /

Salvato in:
Dettagli Bibliografici
Natura: Libro
Pubblicazione: Düseldorf : CIATF, 1989
Soggetti:
Tags: Aggiungi Tag
Nessun Tag, puoi essere il primo ad aggiungerne!!

MARC

LEADER 00000nam a22000003a 4500
001 stu51886
005 20150408180043.2
008 000202s1989----gw----------------------d
040 |a STU  |b slo 
041 0
044 |a gw 
080 |a 621.74(082) 
245 |a CIATF 89 :  |b 56. Giesserei-Weltkongress /  |c Düsseldorf, 19.-23.Mai 1989 
260 |a Düseldorf :  |b CIATF,  |c 1989 
300 |a nestr 
650 7 |a zlievárenstvo  |2 stusub 
996 |b MZ 1327  |c M*Z-1327  |l MMKN  |s A  |a 24  |w stu51886_0001